Normal view
MARC view
- E. John Finnemore
Entry Personal Name
001 - CONTROL NUMBER
- control field: 125843
003 - CONTROL NUMBER IDENTIFIER
- control field: NUST
005 - DATE AND TIME OF LATEST TRANSACTION
- control field: 20240912144903.0
008 - FIXED-LENGTH DATA ELEMENTS
- fixed length control field: 240912|| aca||aabn | a|a d
040 ## - CATALOGING SOURCE
- Original cataloging agency: NUST
- Transcribing agency: NUST
100 ## - HEADING--PERSONAL NAME
- Personal name: E. John Finnemore
670 ## - SOURCE DATA FOUND
- Source citation: Work cat.: (NUST): E. John Finnemore, Fluid Mechanics with engineering applications , 2002.
